WYMIEŃ PODSTAWOWE RZECZY POTRZEBNE DO ŻYCIA: - Statystyki

Ogólne statystyki
  • Ten quiz został rozwiązany 159 razy
  • Średni wynik to 3 z 6
Statystyki odpowiedzi
Odpowiedź % Poprawnych
JEDZENIE
98%
WODA
90%
POWIETRZE
61%
ZDROWIE
17%
MIŁOŚĆ
13%
SCHRONIENIE
8%
Nie znaleziono quizów pasujących do podanych kryteriów
Rozkład punktacji
Procent ludzi z każdym wynikiem
Percentyl według liczby udzielonych odpowiedzi
Twoja historia wyników
Nie rozwiązałeś tego quizu